BUBT Library Online Catalog

Criminalistics : (Record no. 7164)

000 -LEADER
fixed length control field 00701nam a22002417a 4500
003 - CONTROL NUMBER IDENTIFIER
control field BUBTL
008 - FIXED-LENGTH DATA ELEMENTS--GENERAL INFORMATION
fixed length control field 231127b ||||| |||| 00| 0 eng d
041 ## - LANGUAGE CODE
Language code of text/sound track or separate title eng
082 ## - DEWEY DECIMAL CLASSIFICATION NUMBER
Classification number 363.25/ Sa173c/ 1981
100 ## - MAIN ENTRY--PERSONAL NAME
Personal name Saferstein, Richard
9 (RLIN) 5608
245 ## - TITLE STATEMENT
Title Criminalistics :
Remainder of title An Introduction to Forensic Science /
Statement of responsibility, etc. Richard Saferstein
250 ## - EDITION STATEMENT
Edition statement 2nd ed.
260 ## - PUBLICATION, DISTRIBUTION, ETC. (IMPRINT)
Place of publication, distribution, etc. New Jersey :
Name of publisher, distributor, etc. Prentice-Hall, Inc.,
Date of publication, distribution, etc. c1981
300 ## - PHYSICAL DESCRIPTION
Extent x,460 p.
Dimensions 23 cm.
500 ## - GENERAL NOTE
General note Include Index
505 ## - FORMATTED CONTENTS NOTE
Formatted contents note Criminalistics, Richard Saferstein, Criminal Law
526 ## - STUDY PROGRAM INFORMATION NOTE
Program name Law
650 #0 - SUBJECT ADDED ENTRY--TOPICAL TERM
9 (RLIN) 4577
Topical term or geographic name as entry element Criminal Law
650 #0 - SUBJECT ADDED ENTRY--TOPICAL TERM
9 (RLIN) 26
Topical term or geographic name as entry element Law
856 ## - ELECTRONIC LOCATION AND ACCESS
Password 0
Logon 0
Link text Download
942 ## - ADDED ENTRY ELEMENTS (KOHA)
Source of classification or shelving scheme
Koha item type Books
Holdings
Withdrawn status Lost status Source of classification or shelving scheme Damaged status Not for loan Collection code Permanent location Current location Shelving location Date acquired Source of acquisition Inventory number Total Checkouts Full call number Barcode Date last seen Copy number Price effective from Koha item type
        Not For Loan Non-fiction Bangladesh University of Business and Technology Library Bangladesh University of Business and Technology Library Law Stacks 10/25/2014 Purchase 18856   363.25/ Sa173c/ 1981 BUBTL-200318856 11/27/2023 C-1 11/27/2023 Books

More Information About Library

Library Hours

  • Open: 9.00 am. to 9.00 pm.
  • Only Sunday: 9.00 am. to 6.00 pm.
  • Closed: Holiday

Contact to the University

Bangladesh University of Business and Technology Library

  • Mirpurl-2, 1216.
  • Phone:
  • Fax:
  • E-Mail: admin.library@bubt.edu.bd

Contact to the Library

Contact Person:

Md. Abdul Hakim Shah
Joint Librarian
PABX No:  113
Cell No: 01816332931
E-mail: official: admin.library@bubt.edu.bd
Personal: hakim.shah@bubt.edu.bd


BUBT Library

Copyright © 2021